00319nam a2200121Ia 4500008004100000041000800041082001200049100002200061245004400083260003800127300002400165365000800189240624s9999 xx 000 0 und d aeng a828 BLU aBLUMENFELD YORICK aSCANNING THE FUTURE 20 EMINENT THINKERS c1999aLondonbThames & Hudson Ltd a304 : p. : cm. ; 21 cGBP